|
|
|
|
| LEADER |
01511nam a2200421 a 4500 |
| 001 |
000756820 |
| 003 |
CZ BrMZK |
| 005 |
20050204070838.0 |
| 007 |
ta |
| 008 |
041221s2004 xr a erc 000 0dcze d |
| 015 |
|
|
|a cnb001493371
|
| 020 |
|
|
|a 80-85050-46-3
|q (brož.)
|
| 035 |
|
|
|a (OCoLC)85132195
|
| 040 |
|
|
|a BOA001
|b cze
|
| 043 |
|
|
|a e-xr---
|
| 072 |
|
7 |
|a 75
|x Malířství
|2 Konspekt
|9 21
|
| 080 |
|
|
|a 929
|2 MRF
|
| 080 |
|
|
|a 792.021
|2 MRF
|
| 080 |
|
|
|a 75(437.3)
|2 MRF
|
| 080 |
|
|
|a 75.036/.038
|2 MRF
|
| 080 |
|
|
|a (437.3)
|2 MRF
|
| 080 |
|
|
|a (083.824)
|2 MRF
|
| 100 |
1 |
|
|a Malina, Jaroslav,
|d 1937-2016
|7 jn99240000659
|4 art
|
| 245 |
1 |
0 |
|a Malina :
|b [obrazy, kresby, scénografie : 16. prosince 2004 - 13. března 2005 : katalog výstavy /
|c text katalogu Naďa Řeháková]
|
| 260 |
|
|
|a Liberec :
|b Oblastní galerie v Liberci,
|c [2004]
|
| 300 |
|
|
|a [24] s. :
|b barev. il. ;
|c 22 cm
|
| 500 |
|
|
|a Název z obálky
|
| 500 |
|
|
|a 300 výt.
|
| 600 |
1 |
7 |
|a Malina, Jaroslav,
|d 1937-
|7 jn99240000659
|2 czenas
|
| 650 |
0 |
7 |
|a scénografie
|7 ph116114
|z Česko
|y 20.-21. stol.
|2 czenas
|
| 650 |
0 |
7 |
|a české malířství
|7 ph116864
|y 20.-21. stol.
|2 czenas
|
| 650 |
0 |
7 |
|a moderní malířství
|7 ph122940
|z Česko
|2 czenas
|
| 655 |
|
7 |
|a katalogy výstav
|7 fd132536
|2 czenas
|
| 700 |
1 |
|
|a Řeháková, Naďa,
|d 1945-2018
|7 jn20010310087
|4 wfw
|
| 910 |
|
|
|a BOA001
|b 2-1142.893
|
| 990 |
|
|
|a BK
|
| 991 |
|
|
|b 200502
|c NOV
|
| 996 |
6 |
|
|b 2610236797
|c 2-1142.893
|l MZK
|r Sklad / do 1 hodiny
|n 1
|p p.v.
|w 000756820
|u 000010
|a 1
|e BOA001
|j MZK50
|s P
|